One Piece Epithets (Random) - Statistics

General Stats
  • This quiz has been taken 1,148 times
  • The average score is 30 of 60
Answer Stats
Hint Answer % Correct
Straw Hat Monkey D. Luffy
89%
Devil Child Nico Robin
88%
Black Leg Sanji
88%
Red-Haired Shanks
88%
Soul King Brook
87%
Whitebeard Edward Newgate
87%
Pirate King Gol D. Roger
87%
Fire Fist Portgas D. Ace
87%
Surgeon of Death Trafalgar D. Water Law
87%
Sogeking Usopp
87%
The Phoenix Marco
86%
Cat Burglar Nami
86%
Pirate Hunter Roronoa Zoro
86%
The Clown Buggy
85%
Big Mom Charlotte Linlin
85%
Cyborg Franky
85%
Blackbeard Marshall D. Teach
85%
Cotton Candy Lover Tony Tony Chopper
85%
Pirate Empress Boa Hancock
84%
Mr 2 Bentham
83%
Buddha Sengoku
83%
Axe-Hand Morgan
82%
Mermaid Princess Shirahoshi
82%
God Enel
78%
"Of the Beasts" Kaido
78%
Flame Emperor Sabo
78%
Whitebeard Jr. Edward Weevil
77%
Ghost Princess Perona
77%
Dark King Silvers Rayleigh
74%
Desert King Crocodile
72%
Diamond Jozu
72%
The Golden Lion Shiki
72%
Snow Woman Monet
71%
Mad Monk Urouge
70%
The Fist Monkey D. Garp
68%
World's Worst Criminal Monkey D. Dragon
67%
Tyrant Bartholomew Kuma
65%
Gang Capone Bege
64%
Okama King Emporio Ivankov
64%
Mr 1 Daz Bonez
62%
Captain Eustass Kid
62%
Silver Fox Foxy
61%
Big News Morgans
60%
Poison Pink Vinsmoke Reiju
60%
The Hyena Bellamy
59%
Oni Princess Yamato
59%
Knight of the Sea Jinbe
57%
Firefox Kin'emon
57%
The Falcon Pell
57%
"of the Rain" Shiryu
57%
The Magician Basil Hawkins
55%
The White Hunter Smoker
55%
Big Eater Jewelry Bonney
53%
The Drought Jack
50%
The Cannibal Bartolomeo
49%
Pirate Prince Cavendish
49%
Sword God Shimotsuki Ryuma
49%
Marine Hunter Dracule Mihawk
48%
The Plague Queen
48%
Wet-Haired Caribou
47%
Knight of the Sky Gan Fall
45%
Liar Mont Blanc Noland
44%
Ruler of Day Inuarashi
42%
Hero Koby
41%
"of a Hundred Plans" Kuro
41%
"The Red Ogre" Brogy
40%
Black Cage Hina
40%
Heavy Drinker Vasco Shot
40%
Iron-Mace Alvida
39%
The Continent Puller Oars
38%
Hero of the Colosseum Diamante
37%
The Saw Arlong
36%
"the Blue Ogre" Dorry
36%
"Of the Flower Sword" Vista
36%
Ruler of Night Nekomamushi
35%
Sparking Red Vinsmoke Ichiji
35%
Shandora's Demon Kalgara
34%
Roar of the Sea Scratchmen Apoo
33%
Heavenly Yaksha Donquixote Doflamingo
32%
Massacre Soldier Killer
32%
Beast Tamer Mohji
32%
The Acrobat Cabaji
31%
Champion Jesus Burgess
30%
Winch Green Vinsmoke Yonji
28%
The Drill Chinjao
27%
The Jackal Chaka
26%
Red Flag X Drake
26%
"of the Mist" Raizo
25%
Colossal Battleship Sanjuan Wolf
25%
Dengeki Blue Vinsmoke Niji
25%
The Conflagration King
24%
Idiot Lord Kozuki Oden
23%
Demon Sheriff Laffitte
23%
Corrupt King Avalo Pizarro
22%
Genius Surgeon Hogback
22%
Evening Shower Kurozumi Kanjuro
22%
Queen of the Pleasure District Stussy
22%
One-Two Jango
20%
Crescent Moon Hunter Catarina Devon
19%
Foul Play Don Krieg
19%
"of the Graveyard" Absalom
17%
Iron Fist Fullbody
17%
The Supersonic Van Augur
17%
Tin-Plate Wapol
16%
Ship Cutter T Bone
15%
The Iron Wall Pearl
14%
Master Caesar Clown
13%
Thousand Arms Charlotte Cracker
13%
Death God Doc Q
13%
Man-Demon Gin
13%
Salvage King Masira
13%
Massacre Weapon Rob Lucci
12%
Sonar King Shoujou
10%
Berserker Wyper
7%
No matching quizzes found
Score Distribution
Percent of People with Each Score
Percentile by Number Answered
Your Score History
You have not taken this quiz